00631nam a22001577a 4500003000400000005001700004008004100021020001800062040000600080082002000086100001900106245008600125260005100211300003300262650017800295OSt20251215110640.0251215b |||||||| |||| 00| 0 eng d a9783035628111 cn a720.28 R69 2023 aRowe, Peter G. aDesign Thinking and Storytelling in Architecture /cPeter G. Rowe and Yoeun Chung bBasel / Switzerland. Birkhäuser Verlag. 2023 a168 pages. 24 × 17 cm aArchitecture — Design theory Architectural design — Methods Design thinking — Architecture Storytelling — Architectural design Creative processes in architecture